[Event "PNWCC Online blitz JP 9th"]
[Site "Chess.com INT"]
[Date "2020.05.09"]
[Round "7"]
[White "Tu, Lawrence"]
[Black "Heidari, Ako"]
[Result "1/2-1/2"]
[WhiteElo "1554"]
[BlackElo "1783"]
[PlyCount "153"]
[EventDate "2020.05.09"]
[EventType "swiss (blitz)"]
[EventRounds "11"]
[EventCountry "USA"]
[SourceTitle "CBM 196 Extra"]
[Source "ChessBase"]
[SourceDate "2020.07.31"]
[SourceVersion "1"]
[SourceVersionDate "2020.07.31"]
[SourceQuality "1"]

1. c4 e6 2. Nc3 f5 3. d4 Nf6 4. Nf3 c6 5. Bg5 d5 6. e3 Bd6 7. Bd3 Nbd7 8. c5 Bc7 9. 0-0 0-0 10. Nd2 h6 11. Bh4 Qe8 12. f3 Qh5 13. Bg3 Bxg3 14. hxg3 Qg5 15. Qe1 Nh5 16. Kh2 e5 17. f4 exf4 18. gxf4 Qg6 19. Nf3 Nhf6 20. Qg3 Ng4+ 21. Kg1 b6 22. cxb6 axb6 23. Nh4 Qh5 24. Be2 Ndf6 25. Nd1 Ne4 26. Qh3 Ba6 27. Bxa6 Rxa6 28. Nf3 Qxh3 29. gxh3 Ngf6 30. Ne5 c5 31. Nf2 c4 32. Nxe4 Nxe4 33. Rfc1 Rfa8 34. a3 g5 35. Nc6 gxf4 36. exf4 Kf7 37. Nb4 Ra4 38. Nxd5 Rg8+ 39. Kh2 b5 40. Nb4 Raa8 41. Nc6 Ke6 42. Ne5 Rg3 43. Rg1 Rag8 44. Rxg3 Rxg3 45. Re1 Rb3 46. Re2 c3 47. bxc3 Rxa3 48. c4 bxc4 49. Nxc4 Ra4 50. Nb6 Rxd4 51. Kg2 Rb4 52. Na8 Kf6 53. Nc7 Rb3 54. Nd5+ Kg6 55. Rc2 Rg3+ 56. Kh2 Rf3 57. Rc6+ Kg7 58. Ne7 Rf2+ 59. Kg1 Rxf4 60. Re6 Rf3 61. Nxf5+ Rxf5 62. Rxe4 Kg6 63. Kg2 Kg5 64. Kg3 Ra5 65. Rg4+ Kh5 66. Rh4+ Kg6 67. Rg4+ Kh7 68. Rb4 Kg6 69. Kg4 h5+ 70. Kf4 Ra3 71. Rb6+ Kg7 72. h4 Ra4+ 73. Kg5 Ra5+ 74. Kf4 Ra4+ 75. Kg3 Rg4+ 76. Kh3 Rc4 77. Kg3 1/2-1/2

[Event "San Francisco Donaldson-ch"]
[Site "San Francisco"]
[Date "2019.12.22"]
[Round "4"]
[White "Li, Eric"]
[Black "Heidari, Ako"]
[Result "1-0"]
[WhiteElo "2255"]
[BlackElo "1756"]
[PlyCount "57"]
[EventDate "2019.12.21"]
[EventType "swiss"]
[EventRounds "5"]
[EventCountry "USA"]
[SourceTitle "CBM 194 Extra"]
[Source "ChessBase"]
[SourceDate "2020.03.31"]
[SourceVersion "1"]
[SourceVersionDate "2020.03.31"]
[SourceQuality "1"]

1. d4 d5 2. c4 e6 3. Nc3 Be7 4. cxd5 exd5 5. Bf4 c6 6. Qc2 g6 7. h3 Bd6 8. Bxd6 Qxd6 9. e3 Ne7 10. Bd3 Bf5 11. Nge2 Bxd3 12. Qxd3 0-0 13. h4 Nd7 14. h5 Rae8 15. 0-0-0 c5 16. dxc5 Nxc5 17. Qd4 Rc8 18. Kb1 Rfd8 19. g4 Nc6 20. Qxd5 Qe7 21. Qg2 Nd3 22. hxg6 hxg6 23. Qh2 Qf6 24. Qh7+ Kf8 25. Rxd3 Rxd3 26. Qh8+ Ke7 27. Qxc8 Rd8 28. Qxb7+ Rd7 29. Nd5+ 1-0

[Event "Washington Congress 3rd"]
[Site "Arlington"]
[Date "2016.10.10"]
[Round "9"]
[White "Heidari, Ako"]
[Black "Altman, Joshua"]
[Result "1/2-1/2"]
[WhiteElo "1799"]
[BlackElo "1735"]
[PlyCount "50"]
[EventDate "2016.10.05"]
[EventType "swiss"]
[EventRounds "9"]
[EventCountry "USA"]
[SourceTitle "EXT 2018"]
[Source "ChessBase"]
[SourceDate "2017.10.13"]
[SourceVersion "1"]
[SourceVersionDate "2017.10.13"]
[SourceQuality "1"]

1. d4 Nf6 2. c4 e6 3. Nc3 Bb4 4. e3 0-0 5. Bd3 d5 6. Nf3 dxc4 7. Bxc4 c5 8. 0-0 Nbd7 9. a3 Bxc3 10. bxc3 b6 11. Bd3 Bb7 12. c4 Ne4 13. Bb2 f5 14. Nd2 Qg5 15. d5 exd5 16. cxd5 Nxd2 17. Qxd2 Bxd5 18. f3 Nf6 19. Rae1 Rad8 20. Qc2 Be6 21. e4 c4 22. f4 cxd3 23. fxg5 dxc2 24. gxf6 fxe4 25. Bc1 Rxf6 1/2-1/2

[Event "Washington Congress 3rd"]
[Site "Arlington"]
[Date "2016.10.06"]
[Round "2"]
[White "Heidari, Ako"]
[Black "Raznikov, Danny"]
[Result "0-1"]
[WhiteElo "1799"]
[BlackElo "2531"]
[PlyCount "68"]
[EventDate "2016.10.05"]
[EventType "swiss"]
[EventRounds "9"]
[EventCountry "USA"]
[SourceTitle "EXT 2018"]
[Source "ChessBase"]
[SourceDate "2017.10.13"]
[SourceVersion "1"]
[SourceVersionDate "2017.10.13"]
[SourceQuality "1"]

1. c4 c5 2. Nc3 g6 3. g3 Bg7 4. Bg2 Nc6 5. a3 d6 6. Rb1 Rb8 7. b4 Bf5 8. Ne4 Nf6 9. Nxf6+ Bxf6 10. d3 Qc8 11. bxc5 dxc5 12. Bd2 h5 13. h4 0-0 14. Nh3 Nd4 15. Nf4 Qd7 16. 0-0 Bg4 17. Re1 Bg7 18. Kh2 Rfd8 19. Be3 b6 20. Bd5 Qe8 21. Bg2 Bd7 22. Bxd4 cxd4 23. Rb4 Be5 24. Qc1 Rbc8 25. Nd5 e6 26. Nf4 Qe7 27. Rb1 Rc5 28. Kg1 Ra5 29. Ra1 Bd6 30. a4 Rxa4 31. Rxa4 Bxa4 32. Qa1 Be8 33. e3 dxe3 34. fxe3 Bxf4 0-1